000 00780cam a2200241 4500
001 c 61001490
003 DLC
005 20260227111033.0
008 840817m19559999cc a 000 0 chir
010 _ac 61001490
035 _a(CStRLIN)DCLCC611490-B
040 _aDLC
_cDLC
_dDLC
_dCStRLIN
_dDLC
043 _aa-cc---
050 0 0 _aPL2264
_b.P4 1955
082 0 0 _a809
_219
110 2 _aBeijing da xue.
_bWen xue yan jiu suo.
245 1 0 _aWen xue yan jiu ji kan,
_cBeijing da xue wen xue yan jiu suo bian.
260 _aBeijing
_bRen min wen xue chu ban she
_c1955-<1957 >
300 _av. <1-5 >
_billus.
_c21 cm.
650 0 _aChinese literature
_xHistory and criticism.
650 0 _aLiterature
_xHistory and criticism.
987 _aPINYIN
_bCStRLIN
_c20010116
_dc
_e1.0
999 _c12737
_d12737